00461nam a2200133Ia 4500008004100000082001500041100003700056245012100093260003900214300001500253520001100268650002800279700002000307230907s9999||||xx |||||||||||||| ||und|| a621.3bTAL aTalha Hussain Shah (00000317797) 0aGrid-Connected Photovoltaics Electric Vehicles Charging Stations on Existing Service-Areas on Motorway in Pakistan / aUSPCAS-E, NUST,bIslamabad :c2022 axii, 72 p. aTH-419 aMS-ESE Thesis MS Thesis aDr Sehar Shakir